| 000 | 00474nam a2200181Ia 4500 | ||
|---|---|---|---|
| 001 | 17712 | ||
| 005 | 20260306171537.0 | ||
| 008 | 260306s9999||||xx |||||||||||||| ||und|| | ||
| 041 | _aESP | ||
| 082 |
_a658.15 _bM96 |
||
| 100 |
_aMuñiz, Luis _eAUT |
||
| 245 | 0 |
_aControl presupuestario: _bplanificación, elaboración y seguimiento del presupuesto |
|
| 260 | _c2009 | ||
| 300 |
_a226 páginas : _c23 cm. |
||
| 650 | _aGEN | ||
| 654 | _aCAN | ||
| 942 |
_cLIB _dJUS _fJUS _2ddc _n |
||
| 999 |
_c17712 _d17712 |
||